000 00408nam a2200133 4500
008 180219b xxu||||| |||| 00| 0 eng d
100 _926662
_aMayol, Ador Vincent S.
245 _aBato confirms cops' drug links/
_cAdor Vincent S. Mayol
260 _aPhilippines
_bPhilippine Daily Inquirer
_cc2016
300 _apage A8.
650 0 _926663
_aDrugs.
700 _926664
_aMatus, Carmel Loise
942 _2ddc
_cPER
999 _c8757
_d8757